[Event "San Jose Mission 360-B"]
[Site "San Jose"]
[Date "2022.04.05"]
[Round "8"]
[White "Berczes, David"]
[Black "Vidyarthi, Vyom"]
[Result "1/2-1/2"]
[WhiteElo "2434"]
[BlackElo "2362"]
[PlyCount "62"]
[EventDate "2022.04.01"]
[EventType "tourn"]
[EventRounds "9"]
[EventCountry "USA"]
[EventCategory "6"]
[SourceTitle "CBM 207 Extra"]
[Source "ChessBase"]
[SourceDate "2022.05.31"]
[SourceVersion "1"]
[SourceVersionDate "2022.05.31"]
[SourceQuality "1"]

1. Nf3 Nf6 2. g3 b6 3. Bg2 Bb7 4. c4 e6 5. 0-0 Be7 6. d4 0-0 7. b3 d6 8. Bb2 Nbd7 9. d5 exd5 10. Nh4 Ne4 11. cxd5 Bxh4 12. Bxe4 Bf6 13. Bxf6 Qxf6 14. Na3 Rfe8 15. Bf3 Ba6 16. Rc1 Ne5 17. Bg2 Re7 18. b4 Ng4 19. b5 Qb2 20. Qb3 Qxb3 21. axb3 Bb7 22. e4 f5 23. exf5 Nf6 24. Rfd1 Bc8 25. Nc2 Bxf5 26. Nd4 Bg4 27. Re1 Rxe1+ 28. Rxe1 Bd7 29. h3 a5 30. bxa6 Rxa6 31. Rc1 Ra8 1/2-1/2

[Event "San Jose Mission 360-B"]
[Site "San Jose"]
[Date "2022.04.03"]
[Round "4"]
[White "Vidyarthi, Vyom"]
[Black "Stearman, Josiah P"]
[Result "1-0"]
[WhiteElo "2362"]
[BlackElo "2388"]
[PlyCount "85"]
[EventDate "2022.04.01"]
[EventType "tourn"]
[EventRounds "9"]
[EventCountry "USA"]
[EventCategory "6"]
[SourceTitle "CBM 207 Extra"]
[Source "ChessBase"]
[SourceDate "2022.05.31"]
[SourceVersion "1"]
[SourceVersionDate "2022.05.31"]
[SourceQuality "1"]

1. Nf3 d5 2. e3 c5 3. b3 Nc6 4. Bb2 a6 5. d4 Nf6 6. Be2 Bf5 7. dxc5 e6 8. Nd4 Bg6 9. Nxc6 bxc6 10. b4 Qb8 11. a3 a5 12. Nd2 Nd7 13. Bc3 e5 14. 0-0 Be7 15. f4 f6 16. fxe5 fxe5 17. Bg4 Nf6 18. Be6 Bd8 19. Rb1 axb4 20. axb4 Ra3 21. Nb3 Ne4 22. Qg4 Ra7 23. Be1 Nf6 24. Qe2 Bh5 25. Qd3 Bg6 26. Bf5 Bf7 27. Bg3 Bc7 28. Na5 Qa8 29. Qc3 0-0 30. Bxe5 Bxe5 31. Qxe5 Re8 32. Qd6 Rd8 33. Qg3 d4 34. e4 Re7 35. Rbe1 Kh8 36. Qh4 Bg8 37. e5 Nd5 38. Qxd4 Nc7 39. Qh4 Rde8 40. Bg6 Rxe5 41. Bxe8 Qxe8 42. Rxe5 Qxe5 43. Qf4 1-0

[Event "North American-ch U20"]
[Site "Charlotte"]
[Date "2021.12.21"]
[Round "4"]
[White "Huston, Gus"]
[Black "Vidyarthi, Vyom"]
[Result "0-1"]
[WhiteElo "2155"]
[BlackElo "2327"]
[PlyCount "70"]
[EventDate "2021.12.19"]
[EventType "swiss"]
[EventRounds "9"]
[EventCountry "USA"]
[SourceTitle "CBM 205 Extra"]
[Source "ChessBase"]
[SourceDate "2022.01.31"]
[SourceVersion "1"]
[SourceVersionDate "2022.01.31"]
[SourceQuality "1"]

1. d4 d5 2. Nf3 Nf6 3. c3 e6 4. Bf4 c5 5. e3 Nc6 6. Bd3 Bd6 7. Bg3 Qe7 8. Ne5 Bxe5 9. dxe5 Nd7 10. f4 f6 11. exf6 Nxf6 12. 0-0 0-0 13. Nd2 e5 14. e4 exf4 15. Rxf4 Ne5 16. Bc2 d4 17. cxd4 cxd4 18. Nf3 Ng6 19. Rf5 Bxf5 20. exf5 Nh8 21. Bb3+ Nf7 22. Ne5 Rad8 23. Qf3 d3 24. Nxd3 Kh8 25. Re1 Ng5 26. Qf4 Nfe4 27. Ne5 Qc5+ 28. Kh1 Rd4 29. Qh4 Nxg3+ 30. Qxg3 Rxf5 31. Qc3 Re4 32. Rd1 Qf8 33. Nf3 Nxf3 34. gxf3 Rxf3 35. Qd2 Rf1+ 0-1

[Event "World Cup U14 KO"]
[Site "Tornelo INT"]
[Date "2021.08.26"]
[Round "1.2"]
[White "Navumenka, Mikhei"]
[Black "Vidyarthi, Vyom"]
[Result "0-1"]
[WhiteElo "2188"]
[BlackElo "2304"]
[PlyCount "132"]
[EventDate "2021.08.26"]
[EventType "k.o. (rapid)"]
[EventRounds "4"]
[EventCountry "NET"]
[SourceTitle "CBM 204 Extra"]
[Source "ChessBase"]
[SourceDate "2021.11.30"]
[SourceVersion "1"]
[SourceVersionDate "2021.11.30"]
[SourceQuality "1"]

1. d4 d5 2. Nf3 Nf6 3. c4 c6 4. g3 Bf5 5. Bg2 e6 6. 0-0 Nbd7 7. Nbd2 h6 8. b3 Bd6 9. Bb2 0-0 10. e3 a5 11. Qe2 Qe7 12. a3 Bh7 13. Ne5 Bc7 14. Nxd7 Qxd7 15. f4 Bb6 16. Rac1 Rac8 17. c5 Bc7 18. g4 Ne4 19. Nxe4 dxe4 20. h4 f5 21. g5 hxg5 22. hxg5 Bg6 23. Kf2 Kf7 24. Rh1 Rh8 25. Rcd1 Qd5 26. Qc4 Bh5 27. Qxd5 exd5 28. Rc1 Rb8 29. Bc3 Kg6 30. b4 Ra8 31. b5 cxb5 32. Rb1 b4 33. axb4 axb4 34. Rxb4 Ba5 35. Rb3 Bxc3 36. Rxc3 Ra2+ 37. Kf1 Rha8 38. Rb3 Ra1+ 39. Kf2 R8a2+ 40. Kg3 Rxg2+ 41. Kxg2 Bf3+ 42. Kg3 Rxh1 43. Rxb7 Re1 44. Rb3 Rc1 45. Rb6+ Kh7 46. Rd6 Rg1+ 47. Kh3 Rc1 48. Rxd5 Bg4+ 49. Kg2 Rc2+ 50. Kf1 Kg6 51. Rd6+ Kh5 52. Rb6 Kh4 53. Rb1 Kg3 54. Ke1 Re2+ 55. Kd1 Rxe3+ 56. Kc2 Be2 57. c6 Bd3+ 58. Kb2 Re2+ 59. Ka1 Bxb1 60. Kxb1 Rh2 61. c7 Rh8 62. d5 e3 63. Kc2 e2 64. d6 e1Q 65. d7 Qe4+ 66. Kb3 Qd5+ 0-1

[Event "World Cup U14 KO"]
[Site "Tornelo INT"]
[Date "2021.08.26"]
[Round "1.1"]
[White "Vidyarthi, Vyom"]
[Black "Navumenka, Mikhei"]
[Result "0-1"]
[WhiteElo "2304"]
[BlackElo "2188"]
[PlyCount "46"]
[EventDate "2021.08.26"]
[EventType "k.o. (rapid)"]
[EventRounds "4"]
[EventCountry "NET"]
[SourceTitle "CBM 204 Extra"]
[Source "ChessBase"]
[SourceDate "2021.11.30"]
[SourceVersion "1"]
[SourceVersionDate "2021.11.30"]
[SourceQuality "1"]

1. Nf3 Nf6 2. c4 e6 3. e3 d5 4. b3 Be7 5. Bb2 0-0 6. Nc3 c5 7. cxd5 exd5 8. d4 Nc6 9. Be2 Bf5 10. 0-0 h6 11. Rc1 cxd4 12. Nxd4 Bg6 13. Qd2 Bb4 14. Rfd1 Re8 15. a3 Ne4 16. Nxc6 bxc6 17. Qd4 Bc5 18. Qa4 Nxf2 19. Kxf2 Bxe3+ 20. Kf1 d4 21. Qxc6 Qh4 22. g3 Qxh2 23. Qf3 Qg1# 0-1

[Event "US op 121st"]
[Site "Cherry Hill"]
[Date "2021.08.08"]
[Round "9"]
[White "Sorokin, Aleksey"]
[Black "Vidyarthi, Vyom"]
[Result "1-0"]
[WhiteElo "2532"]
[BlackElo "2304"]
[PlyCount "57"]
[EventDate "2021.07.31"]
[EventType "swiss"]
[EventRounds "9"]
[EventCountry "USA"]
[SourceTitle "CBM 203 Extra"]
[Source "ChessBase"]
[SourceDate "2021.09.30"]
[SourceVersion "1"]
[SourceVersionDate "2021.09.30"]
[SourceQuality "1"]

1. d4 d5 2. c4 c6 3. cxd5 cxd5 4. Bf4 Nf6 5. e3 Nc6 6. Bd3 a6 7. Nc3 Bg4 8. f3 Bh5 9. Nge2 e6 10. Rc1 Bg6 11. Bxg6 hxg6 12. Kf2 Bd6 13. h4 Bxf4 14. Nxf4 Nd7 15. h5 g5 16. Nd3 Rc8 17. Na4 Na5 18. Nac5 Nxc5 19. Nxc5 Qb6 20. b3 Ke7 21. Qd2 f6 22. h6 gxh6 23. Na4 Qb5 24. Rxc8 Rxc8 25. Rxh6 b6 26. Rh7+ Kd6 27. e4 Nc6 28. Rb7 dxe4 29. Nxb6 1-0

[Event "US op 121st"]
[Site "Cherry Hill"]
[Date "2021.08.03"]
[Round "4"]
[White "Vidyarthi, Vyom"]
[Black "Benjamin, Joel"]
[Result "0-1"]
[WhiteElo "2304"]
[BlackElo "2499"]
[PlyCount "82"]
[EventDate "2021.07.31"]
[EventType "swiss"]
[EventRounds "9"]
[EventCountry "USA"]
[SourceTitle "CBM 203 Extra"]
[Source "ChessBase"]
[SourceDate "2021.09.30"]
[SourceVersion "1"]
[SourceVersionDate "2021.09.30"]
[SourceQuality "1"]

1. Nf3 Nf6 2. c4 e6 3. e3 d5 4. b3 c5 5. Bb2 Nc6 6. cxd5 exd5 7. Bb5 Bd6 8. 0-0 Bg4 9. h3 Bh5 10. Be2 0-0 11. d4 Bxf3 12. Bxf3 cxd4 13. exd4 Re8 14. Nc3 Bc7 15. Qd3 Qd6 16. g3 Bb6 17. Na4 Ne4 18. Kg2 Bc7 19. Bxe4 dxe4 20. Qc3 e3 21. Qc5 Qg6 22. d5 Bd6 23. Qc3 Bb4 24. Qc4 e2 25. Rfe1 Bxe1 26. Rxe1 Re4 27. Qb5 Nb4 28. Nc5 Nc2 29. Rxe2 Rxe2 30. Qxe2 b6 31. Ne4 f5 32. Nf6+ gxf6 33. Qxc2 f4 34. Qc4 fxg3 35. fxg3 b5 36. Qd4 Qc2+ 37. Kf3 Qf5+ 38. Ke3 Rd8 39. Qe4 Qxd5 40. Qxd5+ Rxd5 41. Bxf6 b4 0-1

[Event "Milpitas Silicon Valley op 1st"]
[Site "Milpitas"]
[Date "2021.05.22"]
[Round "3"]
[White "Katz, Alexander R"]
[Black "Vidyarthi, Vyom"]
[Result "0-1"]
[WhiteElo "2400"]
[BlackElo "2106"]
[PlyCount "144"]
[EventDate "2021.05.22"]
[EventType "swiss"]
[EventRounds "5"]
[EventCountry "USA"]
[SourceTitle "CBM 203 Extra"]
[Source "ChessBase"]
[SourceDate "2021.09.30"]
[SourceVersion "1"]
[SourceVersionDate "2021.09.30"]
[SourceQuality "1"]

1. Nf3 d5 2. e3 Nf6 3. c4 c6 4. Nc3 e6 5. b3 Bd6 6. Bb2 Nbd7 7. Qc2 Qe7 8. Be2 a6 9. d4 h6 10. 0-0 0-0 11. e4 dxe4 12. Nxe4 Nxe4 13. Qxe4 Nf6 14. Qc2 c5 15. Rad1 b6 16. Rfe1 cxd4 17. Nxd4 Bb7 18. Bf3 Bxf3 19. Nxf3 Rfd8 20. Rd3 Bc5 21. Red1 a5 22. Qe2 a4 23. Ne5 Rxd3 24. Qxd3 axb3 25. axb3 Qc7 26. h3 Qb7 27. Ng4 Nxg4 28. hxg4 Be7 29. Kf1 Qc7 30. Qc3 Bf6 31. Qf3 Rd8 32. Bxf6 gxf6 33. g3 Kg7 34. Kg2 Rb8 35. Qe3 Qc6+ 36. f3 Ra8 37. Qd2 Qc5 38. Rh1 Qg5 39. Qxg5+ fxg5 40. Rd1 Ra2+ 41. Kf1 Rb2 42. Rd3 Kf6 43. Ke1 Ke5 44. Kf1 f5 45. gxf5 Kxf5 46. Re3 e5 47. Kg1 h5 48. Kh1 h4 49. gxh4 gxh4 50. Re4 Rxb3 51. Rxh4 Rxf3 52. Kg2 Rb3 53. Kf2 e4 54. c5 bxc5 55. Rh5+ Kf4 56. Rxc5 Rb2+ 57. Ke1 Kf3 58. Re5 Ke3 59. Kf1 Rb1+ 60. Kg2 Rd1 61. Ra5 Ke2 62. Ra2+ Rd2 63. Ra1 e3 64. Ra3 Ke1+ 65. Kf3 e2 66. Ra1+ Rd1 67. Ra2 Rd3+ 68. Kg2 Rd8 69. Ra1+ Kd2 70. Ra2+ Ke3 71. Ra3+ Rd3 72. Ra1 Rd1 0-1

[Event "Milpitas Silicon Valley op 1st"]
[Site "Milpitas"]
[Date "2021.05.22"]
[Round "2"]
[White "Vidyarthi, Vyom"]
[Black "Manu, Manas"]
[Result "1-0"]
[WhiteElo "2106"]
[BlackElo "1694"]
[PlyCount "57"]
[EventDate "2021.05.22"]
[EventType "swiss"]
[EventRounds "5"]
[EventCountry "USA"]
[SourceTitle "CBM 203 Extra"]
[Source "ChessBase"]
[SourceDate "2021.09.30"]
[SourceVersion "1"]
[SourceVersionDate "2021.09.30"]
[SourceQuality "1"]

1. Nc3 d5 2. d4 Nf6 3. Bf4 a6 4. e3 Bg4 5. f3 Bd7 6. e4 e6 7. Bg5 Bb4 8. e5 h6 9. Be3 Ng8 10. Bd3 c5 11. dxc5 Qc7 12. f4 Bxc5 13. Bxc5 Qxc5 14. Qf3 Nc6 15. Nge2 Nge7 16. h4 b5 17. h5 Nb4 18. 0-0-0 Nxd3+ 19. Qxd3 b4 20. Ne4 Qa5 21. Nd6+ Kf8 22. Kb1 Nc8 23. Nxc8 Rxc8 24. Nd4 Qb6 25. g4 Rc4 26. f5 Ke7 27. Rhf1 Kd8 28. fxe6 Bxe6 29. Nxe6+ 1-0